|
|
|
|
| LEADER |
00984nam a2200265 a 4500 |
| 001 |
3052699 |
| 008 |
100329s1997 ilua b 001 0 eng d |
| 010 |
|
|
|a \\96024367
|
| 020 |
|
|
|a 0256208107
|
| 040 |
|
|
|a DLC
|c DLC
|d DLC
|d BD-DhAAL
|
| 082 |
0 |
0 |
|a 658.3
|2 20
|
| 245 |
0 |
0 |
|a Human resource management :
|b gaining a competitive advantage /
|c Raymond A. Noe ... [et al.].
|
| 250 |
|
|
|a 2nd ed.
|
| 260 |
|
|
|a Chicago :
|b Irwin,
|c c1997.
|
| 300 |
|
|
|a xxxi, 671 p. :
|b ill. (some col.) ;
|c 26 cm.
|
| 504 |
|
|
|a Includes bibliographical references and indexes.
|
| 541 |
1 |
|
|e 00007593
|
| 650 |
|
0 |
|a Personnel management
|z United States.
|
| 700 |
1 |
|
|a Noe, Raymond A.
|
| 700 |
1 |
|
|a Hollenbeck, John R.
|
| 700 |
1 |
|
|a Gerhart, Barry.
|
| 700 |
1 |
|
|a Wright, Patrick M.
|
| 852 |
4 |
|
|a Ayesha Abed Library
|j General Shelf
|
| 999 |
|
|
|c 7903
|d 7903
|
| 952 |
|
|
|0 0
|1 0
|2 ddc
|4 0
|6 658_300000000000000_HUM_1997
|7 0
|9 8847
|a BRACUL
|b BRACUL
|c GEN
|d 2010-03-29
|l 5
|m 22
|o 658.3 HUM
|p 3010007593
|r 2017-01-24
|s 2017-01-22
|t 1
|w 2010-03-29
|y BK
|